बहेलिये: (Record no. 37752)

MARC details
000 -LEADER
fixed length control field 01185nam a22002297a 4500
005 - DATE AND TIME OF LATEST TRANSACTION
control field 20100726145023.0
010 ## - LCCN (DPL NO)
LC control number HIN-89831
020 ## - INTERNATIONAL STANDARD BOOK NUMBER
International Standard Book Number 9789380044316
Terms of availability 200.00
035 ## - SYSTEM CONTROL NUMBER
System control number HN-62177
037 ## - SOURCE OF ACQUISITION
Source of stock number/acquisition DBAD/PUB
082 ## - DEWEY DECIMAL CLASSIFICATION NUMBER
Classification number
100 ## - MAIN ENTRY--PERSONAL NAME
Personal name शर्मा, विपिन कुमार
245 ## - TITLE STATEMENT
Title बहेलिये:
Remainder of title कहानी-संग्रह /
Statement of responsibility, etc विपिन कुमार शर्मा
246 ## - VARYING FORM OF TITLE
Title proper/short title Baheliye:Kahani-Sangraha
Remainder of title by Vipin Kumar Sharma
260 ## - PUBLICATION, DISTRIBUTION, ETC. (IMPRINT)
Place of publication, distribution, etc गाजियाबाद (उ.प्र.)
Name of publisher, distributor, etc अंतिका प्रकाशन
Date of publication, distribution, etc 2010
270 ## - ADDRESS
Address सी-56/ यूजीएफ-4, शालीमार गार्डन, एक्स.-II
City गाजियाबाद (उ.प्र.)
Postal code 201005
Telephone number 0120-6475212, 09868380797
Electronic mail address antika56@gmail.com
300 ## - PHYSICAL DESCRIPTION
Extent 120पृ.
Dimensions 22सेमी (सजिल्द)
650 ## - SUBJECT ADDED ENTRY--TOPICAL TERM
Topical term following geographic name as entry element लघु कथाएँ, हिन्दी
650 ## - SUBJECT ADDED ENTRY--TOPICAL TERM
Topical term following geographic name as entry element Short Stories
942 ## - ADDED ENTRY ELEMENTS (KOHA)
Source of classification or shelving scheme Dewey Decimal Classification
Item type Hindi Books
Classification part
Call number suffix शर्मावि
Holdings
Withdrawn status Lost status Not for loan Collection code Home library Current library Date acquired Source of acquisition Cost, normal purchase price Full call number Barcode Copy number Cost, replacement price Koha item type
    Not For Loan Fiction D.B.Act.Division D.B.Act.Division 26/07/2010 DBAD / PUB 200.00 क शर्मावि HN-62177 1 200.00 Hindi Books

© Delhi Public Library
Hit Counter
free hit counter